Voitures ayant un 0 à 100 le plus rapidement - Statistiques

Statistiques générales
  • Ce quiz a été pris 177 fois
  • Le résultat moyen est 2 sur 10
Statistiques - réponses
Temps Réponses % Correct
1,81 Rimac Nevera
67%
2,1 Tesla Model S
57%
1,74 Dodge Challenger
22%
1,901 Koenigsegg Gemera
20%
2,3 Ferrari SF90
13%
1,86 Pininfarina Battista
11%
1,91 Aspark
8%
2,301 Bugatti Chiron Pur Sport
5%
2 Lucid Air
4%
1,9 Czinger 21
3%
Aucun quiz correspondant
Distribution des résultats
% des personnes avec chaque résultat
Percentile par nombre de réponses
Votre historique - résultats
Vous n’avez pas pris ce quiz